Justice as Fairness: a restatement (Record no. 1312637)
[ view plain ]
| 000 -LEADER | |
|---|---|
| fixed length control field | 00548nam a2200217Ia 4500 |
| 003 - CONTROL NUMBER IDENTIFIER | |
| control field | OSt |
| 005 - DATE AND TIME OF LATEST TRANSACTION | |
| control field | 20250529132012.0 |
| 008 - FIXED-LENGTH DATA ELEMENTS--GENERAL INFORMATION | |
| fixed length control field | 008 250505s9999 xx 000 0 eng d |
| 020 ## - INTERNATIONAL STANDARD BOOK NUMBER | |
| International Standard Book Number | 9780674279117 |
| 040 ## - CATALOGING SOURCE | |
| Original cataloging agency | ILCL |
| Language of cataloging | eng |
| Transcribing agency | ILCL |
| 041 ## - LANGUAGE CODE | |
| Language code of text/sound track or separate title | eng |
| Source of code | eng |
| 082 ## - DEWEY DECIMAL CLASSIFICATION NUMBER | |
| Assigning agency | ILCL |
| 084 ## - COLON CLASSIFICATION NUMBER | |
| Classification number | Z,91 R2 |
| 100 ## - MAIN ENTRY--PERSONAL NAME | |
| Personal name | Rawls, John |
| 245 #0 - TITLE STATEMENT | |
| Title | Justice as Fairness: a restatement |
| 260 ## - PUBLICATION, DISTRIBUTION, ETC. | |
| Place of publication, distribution, etc. | England |
| Name of publisher, distributor, etc. | Harvard University Press |
| Date of publication, distribution, etc. | 2022 |
| 300 ## - PHYSICAL DESCRIPTION | |
| Extent | xviii,214p. |
| 365 ## - TRADE PRICE | |
| Price type code | INR |
| 942 ## - ADDED ENTRY ELEMENTS (KOHA) | |
| Koha item type | Textbook |
| Source of classification or shelving scheme | |
| Suppress in OPAC | No |
| Withdrawn status | Lost status | Damaged status | Not for loan | Home library | Current library | Date acquired | Source of acquisition | Cost, normal purchase price | Inventory number | Total Checkouts | Full call number | Barcode | Date last seen | Price effective from | Koha item type | Date last checked out |
|---|---|---|---|---|---|---|---|---|---|---|---|---|---|---|---|---|
| Integrated Law Course library | Integrated Law Course library | Singhal Publications | 595.00 | 2533 dt. 26-06-2024 | Z,91 R2 | IL1863797 | 2025-05-06 | 2025-05-06 | Textbook | |||||||
| Integrated Law Course library | Integrated Law Course library | Singhal Publications | 595.00 | 2533 dt. 26-06-2024 | Z,91 R2 | IL1863798 | 2025-05-06 | 2025-05-06 | Textbook | |||||||
| Integrated Law Course library | Integrated Law Course library | Singhal Publications | 595.00 | 2533 dt. 26-06-2024 | 1 | Z,91 R2 | IL1863799 | 2026-04-20 | 2025-05-06 | Textbook | 2026-04-06 | |||||
| Integrated Law Course library | Integrated Law Course library | Singhal Publications | 595.00 | 2533 dt. 26-06-2024 | Z,91 R2 | IL1863800 | 2025-05-06 | 2025-05-06 | Textbook |
